| 000 | 01657ctm a22003011a 4500 | ||
|---|---|---|---|
| 003 | SA-RiAUC | ||
| 005 | 20251215131021.0 | ||
| 007 | co ug ---uuauu | ||
| 008 | 251208s1996 su fsbm 00000dara c | ||
| 040 |
_aSA-JeALM _bara _cSA-RiAUC _erda |
||
| 082 | 0 | 4 |
_a258.1 _qSA-RiAUC |
| 090 |
_aر 258.1 _bز هـ ر |
||
| 100 | 1 | _aالزهراني، عبد المحسن سعيد | |
| 245 | 1 | 0 |
_aكتاب الفروق تأليف الشيخ الإمام العالم العلامة أبي الفضل محمد بن صالح بن محمود بن الهيثم الكرابيسي الإشتابديزكي السمرقندي المتوفى سنة 322 هـ. / _cعبد المحسن سعيد أحمد الزهراني ؛ إشراف يوسف محمود عبد المقصود. |
| 260 | _c[1996] | ||
| 264 |
_a مكة المكرمة : _bجامعة أم القرى _c1997 |
||
| 300 |
_a487 ورقة؛ _c30 سم. |
||
| 500 | _aأطروحة (دكتوراه)-جامعة أم القرى، كلية الشريعة، 1417. | ||
| 502 | _aأطروحة (دكتوراه)-جامعة أم القرى، كلية الشريعة، 1417. | ||
| 504 | _aيشتمل على إرجاعات ببليوجرافية. | ||
| 600 | 1 | 7 |
_aالكرابيسي، أسعد بن محمد بن الحسين، _dتوفي 570 هجري _2aucnm |
| 650 | 7 |
_aالفقه الحنفي _2aucsh |
|
| 700 | 1 | 2 |
_aالكرابيسي، أسعد بن محمد بن الحسين، _dتوفي 570 هجري. _tالفروق. |
| 700 |
_aعبد المقصود, يوسف محمود. _eإشراف |
||
| 740 | 2 | 2 | _aالفروق. |
| 942 |
_2ddc _cTHESES _n0 |
||
| 949 |
_aSA-JeALM _d251208 _umohamedma123 _n1 |
||
| 999 |
_c13540 _d13540 |
||